Statistics for Highest Paid Actors

Click here to take the quiz!

General Stats

  • This quiz has been taken 55 times
  • The average score is 6 of 10

Answer Stats

2019 EarningsMovieActor% Correct
$89.4 millionJumanji: The Next LevelDwayne Johnson
96%
$35 millionGemini ManWill Smith
96%
$57 millionA Star is BornBradley Cooper
81%
$66 millionAvengers EndgameRobert Downey Jr.
79%
$57 millionGrown UpsAdam Sandler
65%
$41 millionAnt Man and the WaspPaul Rudd
65%
$76.4 millionMen In Black: InternationalChris Hemsworth
52%
$43.5 millionKnives OutChris Evans
31%
$58 millionThe ClimbersJackie Chan
8%
$65 millionHousefull 4Akshay Kumar
4%

Score Distribution

Percentile by Number Answered

Percent of People with Each Score

Your Score History

You have not taken this quiz